Tramvaják : manuál pro budoucí tramvajáky a tramvajačky /

Dobrodružný i poučný příběh o dopravě a práci tramvajáků vypráví o klukovi, kterému se splní sen a během jedné "zkušební jízdy" poznává svět tramvají i zodpovědnost dospělých.

Uloženo v:
Hlavní autor: LeBlanc, Jana (Autor)
Další autoři: Benjamín, 2018- (Autor), Kraus, Marie (Autor)
Médium: Kniha
Jazyk:Czech
Vydáno: V Brně : Jota, 2026
Vydání:Vydání první
Témata:
Celkem bylo vypůjčeno:0x
Tagy:
Žádné tagy
LEADER 02196nam a2200421 i 4500
001 106467
003 CZ PrNK
005 20260603112728.0
007 ta
008 260519s2026 xr a b 000 j cze
015 |a cnb003759259 
020 |a 9788076898516  |q (vázáno) 
040 |a ABG001  |b cze  |e rda 
072 7 |a 821.162.3-3  |x Česká próza  |2 Konspekt  |9 25 
072 7 |a 821-93  |x Literatura pro děti a mládež (beletrie)  |2 Konspekt  |9 26 
080 |a 821.162.3-32  |2 MRF 
080 |a 821-93  |2 MRF 
080 |a (0:82-32)  |2 MRF 
100 1 |a LeBlanc, Jana  |7 xx0187290  |4 aut  |9 109201 
245 1 0 |a Tramvaják :  |b manuál pro budoucí tramvajáky a tramvajačky /  |c Benjamín a Jana LeBlanc ; ilustrace Marie Kraus 
250 |a Vydání první 
264 1 |a V Brně :  |b Jota,  |c 2026 
300 |a 119 stran :  |b barevné ilustrace ;  |c 22 cm 
336 |a text  |b txt  |2 rdacontent 
337 |a bez média  |b n  |2 rdamedia 
338 |a svazek  |b nc  |2 rdacarrier 
520 2 |a Dobrodružný i poučný příběh o dopravě a práci tramvajáků vypráví o klukovi, kterému se splní sen a během jedné "zkušební jízdy" poznává svět tramvají i zodpovědnost dospělých.  |b Možná máš stejný sen jako Benjamín: řídit tramvaj! Ale jak se vůbec člověk stane tramvajákem? Musí znát nazpaměť celé město? Může nosit brýle? A co když ho přepadne hlad nebo se mu chce čurat? Když ho Pavel, opravdový tramvaják, vezme na první jízdu, osmiletý kluk se z vozovny vydává na dobrodružství po celém městě. Zjistí, že řídit tramvaj je víc než zvonění a brzdy. Nakladatelská anotace. Kráceno. 
655 7 |a české příběhy  |7 fd133973  |2 czenas  |9 54030 
655 7 |a publikace pro děti  |7 fd133156  |2 czenas  |9 23 
655 9 |a Czech stories  |2 eczenas 
655 9 |a children's literature  |2 eczenas 
700 0 |a Benjamín,  |d 2018-  |7 xx0345524  |4 aut  |9 117411 
700 1 |a Kraus, Marie  |7 mzk20241212068  |4 ill  |9 117412 
710 2 |a Nakladatelství Jota  |7 kn20120920011  |4 pbl  |9 117217 
910 |a UOG502 
942 |2 ddc  |c KN 
999 |d 106467 
993 |0 0  |1 421180107184  |2 ddc  |4 0  |6 M  |7 0  |9 99903  |b 0  |c 107184  |d 2026-06-03  |e 0  |f M  |g M  |h 498.00  |i Koupě  |l M  |r 2026-06-03  |t 8  |w 2026-06-03  |y KN  |z BELET  |n